Luyện kĩ năng nghe và nói tiếng Anh = Improve listening and speaking skills

Spremljeno u:
Bibliografski detalji
Glavni autor: Trương Thị Hòa
Format: Knjiga
Jezik:Undetermined
Izdano: Cà Mau Mũi Cà Mau 1998
Teme:
Oznake: Dodaj oznaku
Bez oznaka, Budi prvi tko označuje ovaj zapis!
Thư viện lưu trữ: Trung tâm Học liệu Trường Đại học Cần Thơ
LEADER 00589nam a2200181Ia 4500
001 CTU_27696
008 210402s9999 xx 000 0 und d
082 |a 428.83 
082 |b H401 
100 |a Trương Thị Hòa 
245 0 |a Luyện kĩ năng nghe và nói tiếng Anh 
245 0 |b = Improve listening and speaking skills 
245 0 |c Trương Thị Hòa, Phương Ân 
260 |a Cà Mau 
260 |b Mũi Cà Mau 
260 |c 1998 
650 |a english language - study and teaching,listening 
980 |a Trung tâm Học liệu Trường Đại học Cần Thơ